[Event "DEM U14 2023"]
[Site "Willingen GER"]
[Date "2023.05.28"]
[Round "1"]
[White "Grabs, Peter"]
[Black "Türel, Tugrul"]
[Result "0-1"]
[Termination "normal"]
[Board "20"]
[WhiteTitle "CM"]
[WhiteElo "1552"]
[BlackElo "1855"]
[WhiteClock "00:06:32"]
[BlackClock "00:22:59"]
[PlyCount "72"]
[WhiteFideId "16203887"]
[BlackFideId "26338408"]
[EventCountry "GER"]
[EventRounds "9"]
[EventType "swiss"]
[EventDate "2023.05.27"]

1. e4 {[%clk 01:30:56] [%emt 00:00:04]} 1... e5 {[%clk 01:30:54] [%emt
00:00:06]} 2. Nf3 {[%clk 01:31:22] [%emt 00:00:04]} 2... Nc6 {[%clk 01:31:19]
[%emt 00:00:05]} 3. Bb5 {[%clk 01:31:49] [%emt 00:00:03]} 3... a6 {[%clk
01:31:43] [%emt 00:00:06]} 4. Bxc6 {[%clk 01:32:15] [%emt 00:00:04]} 4... dxc6
{[%clk 01:32:08] [%emt 00:00:04]} 5. Nc3 {[%clk 01:32:42] [%emt 00:00:04]} 5...
f6 {[%clk 01:32:10] [%emt 00:00:28]} 6. d4 {[%clk 01:33:04] [%emt 00:00:08]}
6... exd4 {[%clk 01:32:36] [%emt 00:00:03]} 7. Qxd4 {[%clk 01:33:26] [%emt
00:00:08]} 7... Qxd4 {[%clk 01:33:02] [%emt 00:00:05]} 8. Nxd4 {[%clk 01:33:51]
[%emt 00:00:05]} 8... Bd7 {[%clk 01:30:54] [%emt 00:02:38]} 9. Be3 {[%clk
01:33:34] [%emt 00:00:46]} 9... Bb4 {[%clk 01:31:12] [%emt 00:00:13]} 10. Nde2
{[%clk 01:33:10] [%emt 00:00:54]} 10... Ne7 {[%clk 01:31:20] [%emt 00:00:22]}
11. a3 {[%clk 01:33:21] [%emt 00:00:19]} 11... Bd6 {[%clk 01:31:29] [%emt
00:00:21]} 12. O-O-O {[%clk 01:29:20] [%emt 00:04:31]} 12... O-O-O {[%clk
01:31:08] [%emt 00:00:50]} 13. Na4 {[%clk 01:28:06] [%emt 00:01:45]} 13... Ng6
{[%clk 01:17:19] [%emt 00:14:19]} 14. Nb6+ {[%clk 01:21:54] [%emt 00:06:42]}
14... Kb8 {[%clk 01:16:23] [%emt 00:01:26]} 15. Nxd7+ {[%clk 01:21:50] [%emt
00:00:33]} 15... Rxd7 {[%clk 01:16:47] [%emt 00:00:07]} 16. Nd4 {[%clk
01:18:43] [%emt 00:03:37]} 16... Rhd8 {[%clk 01:14:53] [%emt 00:02:23]} 17. f3
{[%clk 01:11:36] [%emt 00:07:37]} 17... Ne5 {[%clk 01:09:21] [%emt 00:06:03]}
18. Ne6 {[%clk 00:36:12] [%emt 00:35:54]} 18... Re8 {[%clk 01:01:32] [%emt
00:08:19]} 19. Nc5 {[%clk 00:36:09] [%emt 00:00:33]} 19... Rdd8 {[%clk
01:01:46] [%emt 00:00:16]} 20. b3 {[%clk 00:34:30] [%emt 00:02:09]} 20... a5
{[%clk 00:59:57] [%emt 00:02:18]} 21. Kb2 {[%clk 00:33:20] [%emt 00:01:40]}
21... Ng6 {[%clk 00:57:25] [%emt 00:03:01]} 22. g3 {[%clk 00:22:47] [%emt
00:11:05]} 22... Ne5 {[%clk 00:56:45] [%emt 00:01:10]} 23. Rhf1 {[%clk
00:23:00] [%emt 00:00:16]} 23... Bxc5 {[%clk 00:53:02] [%emt 00:04:13]} 24.
Rxd8+ {[%clk 00:22:51] [%emt 00:00:39]} 24... Rxd8 {[%clk 00:53:24] [%emt
00:00:08]} 25. Bxc5 {[%clk 00:23:13] [%emt 00:00:09]} 25... Rd2 {[%clk
00:53:42] [%emt 00:00:11]} 26. Bg1 {[%clk 00:21:09] [%emt 00:02:35]} 26... Re2
{[%clk 00:34:59] [%emt 00:19:12]} 27. Kc3 {[%clk 00:17:04] [%emt 00:04:36]}
27... b6 {[%clk 00:31:41] [%emt 00:03:48]} 28. f4 {[%clk 00:09:59] [%emt
00:07:35]} 28... Ng4 {[%clk 00:28:22] [%emt 00:03:48]} 29. Kd3 {[%clk 00:10:24]
[%emt 00:00:06]} 29... Rg2 {[%clk 00:28:22] [%emt 00:00:29]} 30. a4 {[%clk
00:09:41] [%emt 00:01:13]} 30... Kc8 {[%clk 00:26:27] [%emt 00:02:26]} 31. Rc1
{[%clk 00:08:06] [%emt 00:02:05]} 31... Kd7 {[%clk 00:25:09] [%emt 00:01:47]}
32. Kd4 {[%clk 00:07:38] [%emt 00:00:59]} 32... Nxh2 {[%clk 00:22:34] [%emt
00:03:05]} 33. Bxh2 {[%clk 00:07:45] [%emt 00:00:22]} 33... Rxh2 {[%clk
00:22:59] [%emt 00:00:05]} 34. c4 {[%clk 00:06:19] [%emt 00:01:56]} 34... Rg2
{[%clk 00:22:35] [%emt 00:00:54]} 35. Rc3 {[%clk 00:06:33] [%emt 00:00:17]}
35... c5+ {[%clk 00:22:59] [%emt 00:00:06]} 36. Kd5 {[%clk 00:06:32] [%emt
00:00:31]} 36... c6# {[%emt 00:00:07]} 0-1

[Event "DEM U14 2023"]
[Site "Willingen GER"]
[Date "2023.05.28"]
[Round "1"]
[White "Haubold, Christian Lucas"]
[Black "Petrow, Andre"]
[Result "0-1"]
[Termination "normal"]
[Board "21"]
[WhiteElo "1949"]
[BlackElo "1540"]
[WhiteClock "00:11:39"]
[BlackClock "00:06:46"]
[PlyCount "132"]
[WhiteFideId "16259629"]
[BlackFideId "34612815"]
[EventCountry "GER"]
[EventRounds "9"]
[EventType "swiss"]
[EventDate "2023.05.27"]

1. e4 {[%clk 01:30:56] [%emt 00:00:03]} 1... e5 {[%clk 01:30:54] [%emt
00:00:06]} 2. Nf3 {[%clk 01:31:20] [%emt 00:00:06]} 2... Nc6 {[%clk 01:31:23]
[%emt 00:00:02]} 3. Bb5 {[%clk 01:31:41] [%emt 00:00:09]} 3... d6 {[%clk
01:31:14] [%emt 00:00:39]} 4. c3 {[%clk 01:29:55] [%emt 00:02:16]} 4... Nf6
{[%clk 01:30:43] [%emt 00:01:01]} 5. d3 {[%clk 01:27:13] [%emt 00:03:12]} 5...
Bd7 {[%clk 01:22:56] [%emt 00:08:17]} 6. Ba4 {[%clk 01:21:13] [%emt 00:06:31]}
6... Be7 {[%clk 01:11:39] [%emt 00:11:46]} 7. Nbd2 {[%clk 01:17:38] [%emt
00:04:04]} 7... O-O {[%clk 01:09:50] [%emt 00:02:19]} 8. Nf1 {[%clk 01:08:41]
[%emt 00:09:28]} 8... Rb8 {[%clk 01:06:09] [%emt 00:04:10]} 9. Ng3 {[%clk
01:03:53] [%emt 00:05:05]} 9... b5 {[%clk 01:02:53] [%emt 00:04:00]} 10. Bc2
{[%clk 01:03:28] [%emt 00:00:55]} 10... Re8 {[%clk 00:49:19] [%emt 00:14:04]}
11. O-O {[%clk 01:00:48] [%emt 00:03:09]} 11... b4 {[%clk 00:44:51] [%emt
00:04:58]} 12. h3 {[%clk 00:50:05] [%emt 00:11:14]} 12... Bf8 {[%clk 00:37:35]
[%emt 00:07:46]} 13. d4 {[%clk 00:46:38] [%emt 00:03:56]} 13... h6 {[%clk
00:28:58] [%emt 00:09:07]} 14. Be3 {[%clk 00:37:41] [%emt 00:09:28]} 14... g6
{[%clk 00:24:31] [%emt 00:04:57]} 15. d5 {[%clk 00:31:01] [%emt 00:07:10]}
15... Ne7 {[%clk 00:17:59] [%emt 00:07:02]} 16. Bxa7 {[%clk 00:28:39] [%emt
00:02:52]} 16... Rb7 {[%clk 00:17:11] [%emt 00:01:18]} 17. Be3 {[%clk 00:28:53]
[%emt 00:00:16]} 17... c6 {[%clk 00:15:48] [%emt 00:01:53]} 18. dxc6 {[%clk
00:27:03] [%emt 00:02:20]} 18... Nxc6 {[%clk 00:14:58] [%emt 00:01:20]} 19. Qd2
{[%clk 00:26:05] [%emt 00:01:28]} 19... Kh7 {[%clk 00:12:32] [%emt 00:02:55]}
20. Bd3 {[%clk 00:24:28] [%emt 00:02:07]} 20... Be6 {[%clk 00:12:14] [%emt
00:00:48]} 21. c4 {[%clk 00:16:12] [%emt 00:08:47]} 21... Bg7 {[%clk 00:09:52]
[%emt 00:02:52]} 22. Ne2 {[%clk 00:13:40] [%emt 00:03:01]} 22... Nd7 {[%clk
00:08:08] [%emt 00:02:15]} 23. g4 {[%clk 00:12:12] [%emt 00:01:58]} 23... Nc5
{[%clk 00:07:20] [%emt 00:01:17]} 24. Ng3 {[%clk 00:11:39] [%emt 00:01:03]}
24... b3 {[%clk 00:06:46] [%emt 00:01:04]} 25. Bxc5 dxc5 26. a3 Rd7 27. Rad1
Bxc4 28. Bxc4 Rxd2 29. Rxd2 Qb6 30. Nh4 Re7 31. Rd6 Qc7 32. Rfd1 Nd4 33. Ra6
Rd7 34. Rd3 Qd8 35. Ng2 Ne2+ 36. Nxe2 Rxd3 37. Bxf7 Rd1+ 38. Kh2 Rd6 39. Ra4
Qf6 40. Bc4 Qxf2 41. Ra8 Bf8 42. Ra7+ Kh8 43. Rb7 Qf3 44. Rb8 Rf6 45. Ng3 Qf2
46. Ne2 Qf1 47. Rxb3 Rf2 48. Rg3 Rxe2 49. Bxe2 Qxe2 50. Rb3 c4 51. Rb8 Kg8 52.
a4 Qxe4 53. a5 Qc6 54. Rb6 Qc7 55. Rxg6+ Kf7 56. Rb6 e4+ 57. Kh1 Bc5 58. Rxh6
Qg3 59. Rh5 Bd4 60. a6 Qd3 61. Kh2 e3 62. Ra5 Bb6 63. Rf5+ Ke7 64. h4 e2 65.
Rg5 Bc7+ 66. Kg1 Qd4+ 0-1

[Event "DEM U14 2023"]
[Site "Willingen GER"]
[Date "2023.05.28"]
[Round "1"]
[White "Li, Luxuan"]
[Black "Burkart, Lloyd Shang"]
[Result "0-1"]
[Termination "normal"]
[Board "22"]
[WhiteElo "1403"]
[BlackElo "1956"]
[WhiteClock "00:35:41"]
[BlackClock "00:22:06"]
[PlyCount "118"]
[WhiteFideId "34617507"]
[BlackFideId "16239059"]
[EventCountry "GER"]
[EventRounds "9"]
[EventType "swiss"]
[EventDate "2023.05.27"]

1. e4 {[%clk 01:30:41] [%emt 00:00:18]} 1... c5 {[%clk 01:30:53] [%emt
00:00:07]} 2. Nf3 {[%clk 01:30:27] [%emt 00:00:45]} 2... e6 {[%clk 01:31:10]
[%emt 00:00:12]} 3. d4 {[%clk 01:30:28] [%emt 00:00:29]} 3... cxd4 {[%clk
01:31:31] [%emt 00:00:09]} 4. Nxd4 {[%clk 01:30:49] [%emt 00:00:09]} 4... Nf6
{[%emt 00:00:16]} 5. Nc3 {[%clk 01:31:06] [%emt 00:00:06]} 5... d6 {[%clk
01:31:52] [%emt 00:00:29]} 6. Be3 {[%clk 01:30:24] [%emt 00:01:13]} 6... a6
{[%clk 01:32:06] [%emt 00:00:16]} 7. Be2 {[%clk 01:29:14] [%emt 00:01:41]} 7...
Nbd7 {[%clk 01:32:05] [%emt 00:00:30]} 8. f4 {[%clk 01:27:32] [%emt 00:02:12]}
8... b5 {[%clk 01:22:58] [%emt 00:09:37]} 9. a3 {[%clk 01:22:55] [%emt
00:05:07]} 9... Bb7 {[%clk 01:22:36] [%emt 00:00:52]} 10. Bf3 {[%clk 01:20:56]
[%emt 00:02:29]} 10... Qc7 {[%clk 01:18:51] [%emt 00:04:14]} 11. Nb3 {[%clk
01:16:06] [%emt 00:05:20]} 11... Be7 {[%clk 01:15:22] [%emt 00:04:00]} 12. O-O
{[%clk 01:12:06] [%emt 00:04:30]} 12... O-O {[%clk 01:13:07] [%emt 00:02:44]}
13. Qe2 {[%clk 01:09:42] [%emt 00:02:54]} 13... Nc5 {[%clk 01:01:28] [%emt
00:12:09]} 14. Nxc5 {[%clk 01:07:08] [%emt 00:03:05]} 14... dxc5 {[%clk
01:01:52] [%emt 00:00:06]} 15. e5 {[%clk 01:04:46] [%emt 00:02:53]} 15... Nd5
{[%clk 01:00:58] [%emt 00:01:23]} 16. Nxd5 {[%clk 01:03:30] [%emt 00:01:46]}
16... Bxd5 {[%clk 00:58:24] [%emt 00:03:04]} 17. Rad1 {[%clk 01:02:19] [%emt
00:01:41]} 17... Rad8 {[%clk 00:49:27] [%emt 00:09:26]} 18. Qf2 {[%clk
00:58:22] [%emt 00:04:27]} 18... Rd7 {[%clk 00:46:23] [%emt 00:03:35]} 19. Rd2
{[%clk 00:54:07] [%emt 00:04:46]} 19... Rfd8 {[%clk 00:44:12] [%emt 00:02:39]}
20. Rfd1 {[%clk 00:51:20] [%emt 00:03:18]} 20... Qc6 {[%clk 00:35:43] [%emt
00:08:59]} 21. Bg4 {[%clk 00:42:15] [%emt 00:09:34]} 21... Qc7 {[%clk 00:30:08]
[%emt 00:06:05]} 22. b4 {[%clk 00:38:48] [%emt 00:03:58]} 22... cxb4 {[%clk
00:25:01] [%emt 00:05:38]} 23. Bb6 {[%clk 00:37:02] [%emt 00:02:16]} 23... Qc6
{[%clk 00:24:38] [%emt 00:00:52]} 24. Bxd8 {[%clk 00:36:12] [%emt 00:01:20]}
24... Bc5 {[%clk 00:24:58] [%emt 00:00:09]} 25. Rd4 {[%clk 00:35:29] [%emt
00:01:14]} 25... Rxd8 {[%clk 00:24:42] [%emt 00:00:47]} 26. axb4 {[%clk
00:32:40] [%emt 00:03:19]} 26... Bxd4 {[%clk 00:24:32] [%emt 00:00:39]} 27.
Rxd4 {[%clk 00:32:32] [%emt 00:00:37]} 27... Rc8 {[%clk 00:23:30] [%emt
00:01:33]} 28. Rd2 {[%clk 00:30:44] [%emt 00:02:18]} 28... Qc3 {[%clk 00:21:47]
[%emt 00:02:12]} 29. Rxd5 {[%clk 00:24:55] [%emt 00:06:20]} 29... exd5 {[%clk
00:21:03] [%emt 00:01:14]} 30. Bxc8 {[%clk 00:25:05] [%emt 00:00:20]} 30...
Qxc8 {[%clk 00:21:12] [%emt 00:00:20]} 31. f5 {[%emt 00:06:38]} 31... h6 {[%clk
00:13:35] [%emt 00:06:23]} 32. f6 {[%clk 00:15:15] [%emt 00:05:57]} 32... Qc3
{[%clk 00:10:48] [%emt 00:03:17]} 33. Qe2 {[%clk 00:10:16] [%emt 00:05:29]}
33... gxf6 {[%clk 00:08:59] [%emt 00:02:19]} 34. e6 {[%clk 00:06:39] [%emt
00:04:06]} 34... Kf8 {[%clk 00:05:46] [%emt 00:03:43]} 35. exf7 {[%clk
00:06:30] [%emt 00:00:40]} 35... Kxf7 {[%clk 00:05:58] [%emt 00:00:18]} 36.
Qh5+ {[%clk 00:06:28] [%emt 00:00:32]} 36... Ke7 {[%clk 00:05:55] [%emt
00:00:33]} 37. Qe2+ {[%clk 00:06:08] [%emt 00:00:50]} 37... Qe5 {[%clk
00:03:17] [%emt 00:03:07]} 38. Qf2 {[%clk 00:05:17] [%emt 00:01:21]} 38... Qa1+
{[%clk 00:03:13] [%emt 00:00:33]} 39. Qf1 {[%clk 00:05:35] [%emt 00:00:13]}
39... Qxf1+ {[%clk 00:02:49] [%emt 00:00:53]} 40. Kxf1 {[%clk 00:06:00] [%emt
00:00:05]} 40... Ke6 {[%clk 00:01:58] [%emt 00:01:22]} 41. Ke2 {[%clk 00:06:01]
[%emt 00:00:28]} 41... d4 {[%clk 00:01:03] [%emt 00:01:25]} 42. g3 {[%clk
00:05:31] [%emt 00:01:00]} 42... Kd5 {[%clk 00:00:59] [%emt 00:00:33]} 43. Kd3
{[%clk 00:05:33] [%emt 00:00:28]} 43... f5 {[%clk 00:29:49] [%emt 00:01:41]}
44. h3 {[%clk 00:35:41] [%emt 00:00:22]} 44... Ke5 {[%clk 00:22:06] [%emt
00:08:13]} 45. Kd2 Kd6 46. Ke2 Ke6 47. Kd2 Ke5 48. Ke2 Ke4 49. h4 h5 50. Kf2 d3
51. cxd3+ Kxd3 52. Kf3 Kc4 53. Kf4 Kxb4 54. Kg5 a5 55. Kxh5 a4 56. Kg6 a3 57.
h5 a2 58. h6 a1=Q 59. h7 Qh8 0-1

[Event "DEM U14 2023"]
[Site "Willingen GER"]
[Date "2023.05.28"]
[Round "1"]
[White "Halich, Jan Finnian"]
[Black "Jahnz, Laurin"]
[Result "0-1"]
[Termination "normal"]
[Board "24"]
[WhiteElo "1134"]
[BlackElo "1896"]
[WhiteClock "00:09:49"]
[BlackClock "00:05:19"]
[PlyCount "98"]
[WhiteFideId "34623710"]
[BlackFideId "16261089"]
[EventCountry "GER"]
[EventRounds "9"]
[EventType "swiss"]
[EventDate "2023.05.27"]

1. e4 {[%clk 01:30:54] [%emt 00:00:06]} 1... c6 {[%clk 01:30:57] [%emt
00:00:03]} 2. d4 {[%clk 01:31:02] [%emt 00:00:22]} 2... d5 {[%clk 01:31:24]
[%emt 00:00:03]} 3. exd5 {[%clk 01:31:21] [%emt 00:00:11]} 3... cxd5 {[%clk
01:31:50] [%emt 00:00:04]} 4. Nc3 {[%clk 01:31:16] [%emt 00:00:35]} 4... Nf6
{[%clk 01:32:13] [%emt 00:00:07]} 5. h3 {[%clk 01:25:50] [%emt 00:05:56]} 5...
Bf5 {[%clk 01:29:29] [%emt 00:03:14]} 6. Bd3 {[%clk 01:21:07] [%emt 00:05:13]}
6... Bxd3 {[%clk 01:29:54] [%emt 00:00:05]} 7. Qxd3 {[%clk 01:21:28] [%emt
00:00:09]} 7... Nc6 {[%clk 01:30:16] [%emt 00:00:08]} 8. Bf4 {[%clk 01:21:12]
[%emt 00:00:45]} 8... e6 {[%clk 01:28:38] [%emt 00:02:09]} 9. Nf3 {[%clk
01:16:49] [%emt 00:04:53]} 9... Bd6 {[%clk 01:27:15] [%emt 00:01:53]} 10. Ne5
{[%clk 01:11:39] [%emt 00:05:40]} 10... O-O {[%clk 01:20:34] [%emt 00:07:11]}
11. O-O {[%clk 01:04:01] [%emt 00:08:09]} 11... a6 {[%clk 01:15:17] [%emt
00:05:47]} 12. Rfe1 {[%clk 01:00:32] [%emt 00:03:58]} 12... Rc8 {[%clk
01:09:46] [%emt 00:06:00]} 13. a3 {[%clk 00:57:29] [%emt 00:03:34]} 13... Qc7
{[%clk 01:00:47] [%emt 00:09:29]} 14. Rad1 {[%clk 00:49:32] [%emt 00:08:27]}
14... Na5 {[%clk 00:54:49] [%emt 00:06:28]} 15. Bg5 {[%clk 00:44:05] [%emt
00:05:57]} 15... Nd7 {[%clk 00:39:52] [%emt 00:15:27]} 16. Bf4 {[%emt
00:08:16]} 16... Bxe5 {[%clk 00:37:14] [%emt 00:03:05]} 17. dxe5 {[%clk
00:36:16] [%emt 00:00:35]} 17... Nc4 {[%clk 00:35:34] [%emt 00:02:10]} 18. Rb1
{[%clk 00:27:56] [%emt 00:08:50]} 18... b5 {[%clk 00:15:29] [%emt 00:20:35]}
19. Qg3 {[%clk 00:27:26] [%emt 00:01:01]} 19... Kh8 {[%clk 00:15:22] [%emt
00:00:37]} 20. h4 {[%clk 00:26:50] [%emt 00:01:05]} 20... Qa5 {[%clk 00:13:02]
[%emt 00:02:50]} 21. b4 {[%clk 00:25:30] [%emt 00:01:50]} 21... Qb6 {[%clk
00:10:28] [%emt 00:03:05]} 22. h5 {[%clk 00:23:12] [%emt 00:02:38]} 22... h6
{[%emt 00:04:44]} 23. Qf3 {[%clk 00:19:18] [%emt 00:01:03]} 23... Nxa3 {[%clk
00:08:06] [%emt 00:02:08]} 24. Nxd5 {[%clk 00:18:44] [%emt 00:01:04]} 24...
exd5 {[%clk 00:08:32] [%emt 00:00:04]} 25. Qxa3 {[%clk 00:19:06] [%emt
00:00:08]} 25... Rxc2 {[%clk 00:08:53] [%emt 00:00:09]} 26. Qf3 {[%clk
00:17:50] [%emt 00:01:44]} 26... Re8 {[%clk 00:04:48] [%emt 00:04:37]} 27. Be3
{[%clk 00:17:36] [%emt 00:00:44]} 27... Qe6 {[%clk 00:05:07] [%emt 00:00:12]}
28. Bd4 {[%clk 00:16:38] [%emt 00:01:26]} 28... Rc4 {[%clk 00:05:33] [%emt
00:00:06]} 29. Bb2 {[%clk 00:16:33] [%emt 00:00:34]} 29... Rxb4 {[%clk
00:05:31] [%emt 00:00:32]} 30. Re2 {[%clk 00:12:52] [%emt 00:04:11]} 30... Nb6
{[%clk 00:04:10] [%emt 00:01:51]} 31. Rd1 {[%clk 00:12:27] [%emt 00:00:55]}
31... Nc4 {[%clk 00:04:14] [%emt 00:00:26]} 32. Ba1 {[%clk 00:11:42] [%emt
00:01:13]} 32... Rd8 {[%clk 00:04:37] [%emt 00:00:10]} 33. Re4 {[%clk 00:10:51]
[%emt 00:01:18]} 33... Ra4 {[%clk 00:04:02] [%emt 00:01:07]} 34. Bc3 {[%clk
00:09:51] [%emt 00:01:30]} 34... Rd7 {[%clk 00:04:28] [%emt 00:00:04]} 35. Rg4
{[%clk 00:09:33] [%emt 00:00:48]} 35... Nb6 {[%clk 00:04:53] [%emt 00:00:05]}
36. Rg3 {[%clk 00:09:21] [%emt 00:00:43]} 36... d4 {[%clk 00:04:59] [%emt
00:00:23]} 37. Bd2 {[%clk 00:09:11] [%emt 00:00:40]} 37... Rd5 {[%clk 00:02:38]
[%emt 00:02:52]} 38. Rc1 {[%clk 00:09:00] [%emt 00:00:41]} 38... Nc4 {[%clk
00:02:58] [%emt 00:00:08]} 39. Bf4 {[%clk 00:08:15] [%emt 00:01:16]} 39... Ra3
{[%clk 00:03:18] [%emt 00:00:10]} 40. Qg4 {[%emt 00:00:28]} 40... Qxg4 {[%clk
00:03:39] [%emt 00:00:07]} 41. Rxg4 {[%clk 00:08:40] [%emt 00:00:09]} 41... d3
{[%clk 00:03:42] [%emt 00:00:27]} 42. Rd1 {[%clk 00:08:19] [%emt 00:00:52]}
42... d2 {[%clk 00:02:38] [%emt 00:01:33]} 43. e6 {[%clk 00:08:18] [%emt
00:00:31]} 43... fxe6 {[%clk 00:02:59] [%emt 00:00:10]} 44. Rg6 {[%clk
00:08:34] [%emt 00:00:13]} 44... Rad3 {[%clk 00:03:19] [%emt 00:00:10]} 45.
Bxh6 {[%clk 00:08:46] [%emt 00:00:18]} 45... gxh6 {[%clk 00:03:38] [%emt
00:00:11]} 46. Rxh6+ {[%clk 00:09:13] [%emt 00:00:04]} 46... Kg7 {[%clk
00:04:02] [%emt 00:00:05]} 47. Rg6+ {[%clk 00:09:29] [%emt 00:00:15]} 47... Kf7
{[%clk 00:04:28] [%emt 00:00:03]} 48. Rg3 {[%clk 00:09:23] [%emt 00:00:37]}
48... Rxg3 {[%clk 00:04:52] [%emt 00:00:05]} 49. fxg3 {[%clk 00:09:49] [%emt
00:00:03]} 49... Ne3 {[%clk 00:05:19] [%emt 00:00:04]} 0-1